Countries Bordering 7 Other countries - Statistics

General Stats
  • This quiz has been taken 14 times
  • The average score is 8 of 10
Answer Stats
A Country it Borders Answer % Correct
Tunisia Algeria
92%
Pakistan India
92%
Eritrea Sudan
92%
Yemen Saudi Arabia
85%
Belarus Ukraine
85%
Romania Hungary
77%
Armenia Iran
77%
Senegal Mali
77%
Slovakia Poland
77%
Libya Niger
69%
No matching quizzes found
Score Distribution
Percent of People with Each Score
Percentile by Number Answered
Your Score History
You have not taken this quiz